[Event "Aragon-chT Honor Gr-II"]
[Site "Aragon"]
[Date "2020.02.29"]
[Round "6.12"]
[White "Lacruz Algarate, Alvaro"]
[Black "Cobo Garrido, Diego Israel"]
[Result "0-1"]
[WhiteElo "2121"]
[BlackElo "2068"]
[PlyCount "54"]
[EventDate "2020.01.25"]
[EventType "team-tourn"]
[EventRounds "7"]
[EventCountry "ESP"]
[SourceTitle "EXT 2022"]
[Source "ChessBase"]
[SourceDate "2021.10.06"]
[SourceVersion "1"]
[SourceVersionDate "2021.10.06"]
[SourceQuality "1"]
[WhiteTeam "Agrupacion"]
[BlackTeam "Aragon ONCE"]
[WhiteTeamCountry "ESP"]
[BlackTeamCountry "ESP"]

1. e4 c5 2. Nf3 e6 3. d4 cxd4 4. Nxd4 Nc6 5. g3 Qc7 6. Be3 Nf6 7. Bg2 a6 8. 0-0 Be7 9. c4 Ne5 10. b3 Neg4 11. Qd3 Nxe3 12. Qxe3 Bc5 13. Qd3 h5 14. Nc3 h4 15. Na4 hxg3 16. hxg3 Ba7 17. c5 d6 18. cxd6 Qxd6 19. Rad1 Bd7 20. Nb2 Qe5 21. Nc4 Qh5 22. Rfe1 Rd8 23. a4 Bc6 24. Nxe6 Qh2+ 25. Kf1 Rxd3 26. Nc7+ Kd7 27. Rxd3+ Kxc7 0-1

[Event "Aragon-chT Honor Descenso"]
[Site "Aragon"]
[Date "2018.04.07"]
[Round "10.16"]
[White "Ciriano Lamban, Alejandro"]
[Black "Cobo Garrido, Diego Israel"]
[Result "0-1"]
[WhiteElo "2073"]
[BlackElo "2083"]
[PlyCount "88"]
[EventDate "2018.03.17"]
[EventType "team-tourn"]
[EventRounds "10"]
[EventCountry "ESP"]
[SourceTitle "EXT 2019"]
[Source "ChessBase"]
[SourceDate "2018.10.10"]
[SourceVersion "1"]
[SourceVersionDate "2018.10.10"]
[SourceQuality "1"]
[WhiteTeam "Marcos Frechin"]
[BlackTeam "Aragon ONCE"]
[WhiteTeamCountry "ESP"]
[BlackTeamCountry "ESP"]

1. d4 Nf6 2. c4 e6 3. Nc3 Bb4 4. e3 b6 5. Nge2 Ba6 6. a3 Bxc3+ 7. Nxc3 d5 8. Be2 Bxc4 9. Bxc4 dxc4 10. e4 Nc6 11. Be3 0-0 12. e5 Nd5 13. Qg4 Nxe3 14. fxe3 f5 15. Qe2 Qh4+ 16. g3 Qg5 17. 0-0 a6 18. Rfe1 b5 19. Qg2 Na5 20. Rad1 c6 21. Kh1 Rad8 22. Qf3 Qe7 23. Na2 Qb7 24. Nb4 Rf7 25. Rg1 Rfd7 26. Rdf1 c5 27. dxc5 Qxf3+ 28. Rxf3 Rc7 29. Nxa6 Rc6 30. Nb4 Rxc5 31. Nc2 Nb3 32. Nb4 Rd2 33. g4 fxg4 34. Rxg4 Rxe5 35. Nc6 h5 36. Rg6 Rf5 37. Ne7+ Kh7 38. Rxf5 exf5 39. Rg5 g6 40. Rxg6 Rxb2 41. Rc6 Nd2 42. Nxf5 Nf3 43. Rh6+ Kg8 44. Rxh5 c3 0-1

[Event "Aragon-chT Honor Gr I"]
[Site "Aragon"]
[Date "2018.03.03"]
[Round "6.3"]
[White "Gines Esteo, Pedro Antonio"]
[Black "Cobo Garrido, Diego Israel"]
[Result "1-0"]
[WhiteElo "2386"]
[BlackElo "2083"]
[PlyCount "97"]
[EventDate "2018.01.27"]
[EventType "team-tourn"]
[EventRounds "7"]
[EventCountry "ESP"]
[SourceTitle "EXT 2019"]
[Source "ChessBase"]
[SourceDate "2018.10.10"]
[SourceVersion "1"]
[SourceVersionDate "2018.10.10"]
[SourceQuality "1"]
[WhiteTeam "Jaime Casas"]
[BlackTeam "Aragon ONCE"]
[WhiteTeamCountry "ESP"]
[BlackTeamCountry "ESP"]

1. d4 Nf6 2. c4 e6 3. Nc3 d5 4. cxd5 exd5 5. Bg5 Be7 6. e3 c6 7. Bd3 Nbd7 8. Qc2 Nh5 9. Bxe7 Qxe7 10. Nge2 Nb6 11. 0-0 Nf6 12. Ng3 0-0 13. Rae1 Be6 14. f4 c5 15. f5 Bd7 16. e4 dxe4 17. Ncxe4 c4 18. Bxc4 Nxc4 19. Qxc4 Rac8 20. Nxf6+ Qxf6 21. Qd5 Qc6 22. Qxc6 Rxc6 23. Ne4 Rb6 24. Nc5 Bc8 25. Re2 Rd6 26. Rf4 Rfd8 27. g4 Kf8 28. Nb3 g6 29. fxg6 hxg6 30. Ref2 R8d7 31. Rc2 Rd8 32. Rc7 R6d7 33. Rxd7 Rxd7 34. h4 Rd5 35. g5 Bf5 36. Nd2 f6 37. Nf3 Kf7 38. Kf2 Ra5 39. a3 Rb5 40. b4 a5 41. bxa5 Rxa5 42. d5 Rxd5 43. Rb4 b5 44. Ke3 Rd3+ 45. Kf4 Rxa3 46. Rxb5 Ra4+ 47. Kg3 Rg4+ 48. Kf2 fxg5 49. Ne5+ 1-0

[Event "Aragon-chT Honor Titulo"]
[Site "Aragon"]
[Date "2017.04.08"]
[Round "10.6"]
[White "Cobo Garrido, Diego Israel"]
[Black "Gines Esteo, Pedro Antonio"]
[Result "0-1"]
[WhiteElo "2070"]
[BlackElo "2325"]
[PlyCount "86"]
[EventDate "2017.02.25"]
[EventType "team-tourn"]
[EventRounds "10"]
[EventCountry "ESP"]
[SourceTitle "EXT 2018"]
[Source "ChessBase"]
[SourceDate "2017.10.13"]
[SourceVersion "1"]
[SourceVersionDate "2017.10.13"]
[SourceQuality "1"]
[WhiteTeam "Aragon ONCE"]
[BlackTeam "Jaque"]
[WhiteTeamCountry "ESP"]
[BlackTeamCountry "ESP"]

1. e4 c6 2. d4 d5 3. exd5 cxd5 4. Bd3 Nc6 5. c3 Qc7 6. Ne2 e6 7. Bf4 Bd6 8. Bxd6 Qxd6 9. 0-0 Bd7 10. Nd2 Nge7 11. Nf3 f6 12. c4 Nb4 13. cxd5 Nxd3 14. Qxd3 Nxd5 15. Nc3 0-0 16. Ne4 Qb6 17. Rfe1 Rad8 18. Nc5 Bc8 19. Qb3 Rfe8 20. Rac1 Qxb3 21. Nxb3 b6 22. Nbd2 Bb7 23. Ne4 Re7 24. a3 Kf7 25. Rc4 Nf4 26. Ned2 Ba6 27. Ra4 Bb5 28. Rb4 a6 29. Ra1 Nd5 30. Rb3 Ba4 31. Re3 Nxe3 32. fxe3 Rc8 33. b3 Bb5 34. Ra2 Rec7 35. Ne1 Rc1 36. Kf2 a5 37. Rb2 Rd1 38. a4 Ba6 39. Ne4 Ke7 40. b4 Bb7 41. Ng3 axb4 42. Rxb4 Rd2+ 43. Kf1 Ba6+ 0-1

[Event "Aragon-chT Honor GrA"]
[Site "Aragon"]
[Date "2017.02.18"]
[Round "4.15"]
[White "Pellicer Cerezuela, Miguel"]
[Black "Cobo Garrido, Diego Israel"]
[Result "0-1"]
[WhiteElo "2023"]
[BlackElo "2070"]
[PlyCount "108"]
[EventDate "2017.01.28"]
[EventType "team-tourn"]
[EventRounds "7"]
[EventCountry "ESP"]
[SourceTitle "EXT 2018"]
[Source "ChessBase"]
[SourceDate "2017.10.13"]
[SourceVersion "1"]
[SourceVersionDate "2017.10.13"]
[SourceQuality "1"]
[WhiteTeam "La Aurora Estadilla"]
[BlackTeam "Aragon ONCE"]
[WhiteTeamCountry "ESP"]
[BlackTeamCountry "ESP"]

1. d4 d5 2. c4 e6 3. Nc3 Nf6 4. cxd5 exd5 5. Bg5 c6 6. Qc2 Be7 7. e3 Nbd7 8. Bd3 Nh5 9. Bxe7 Qxe7 10. Nf3 Nf4 11. 0-0 Nxd3 12. Qxd3 Nf6 13. Rfe1 0-0 14. Ne5 Ne4 15. Rac1 f6 16. Nf3 Bf5 17. Nh4 Bd7 18. f3 Nxc3 19. bxc3 Rae8 20. Nf5 Bxf5 21. Qxf5 g6 22. Qc2 f5 23. Qa4 a6 24. Qb3 Rf7 25. c4 dxc4 26. Qxc4 Qe6 27. Qxe6 Rxe6 28. Kf2 Rd7 29. Red1 Kf7 30. h3 Red6 31. Rc4 f4 32. a4 b5 33. axb5 cxb5 34. Rb4 fxe3+ 35. Kxe3 Re6+ 36. Kf2 Rd5 37. Ra1 Ke7 38. g4 Kd7 39. Kg3 Kc7 40. Rc1+ Kb6 41. Rc8 Ka5 42. Rb1 Rxd4 43. Ra8 b4 44. Rb8 Rb6 45. Rxb6 Kxb6 46. h4 a5 47. h5 a4 48. hxg6 hxg6 49. f4 a3 50. f5 gxf5 51. gxf5 a2 52. Rf1 b3 53. f6 Rd8 54. f7 Rf8 0-1

[Event "Aragon-chT Honor Descenso"]
[Site "Aragon"]
[Date "2014.03.22"]
[Round "9.32"]
[White "Hernandez Delgado, Gabriel"]
[Black "Cobo Garrido, Diego Israel"]
[Result "1/2-1/2"]
[WhiteElo "1931"]
[BlackElo "2045"]
[PlyCount "131"]
[EventDate "2014.01.25"]
[EventType "team-tourn"]
[EventRounds "11"]
[EventCountry "ESP"]
[SourceTitle "EXT 2015"]
[Source "ChessBase"]
[SourceDate "2014.11.20"]
[SourceVersion "1"]
[SourceVersionDate "2014.11.20"]
[SourceQuality "1"]
[WhiteTeam "El Olivar II"]
[BlackTeam "Aragon ONCE"]
[WhiteTeamCountry "ESP"]
[BlackTeamCountry "ESP"]

1. d4 d5 2. Nf3 Nf6 3. e3 e6 4. Nbd2 c5 5. c3 Nbd7 6. Bd3 b6 7. Ne5 Bb7 8. f4 Bd6 9. Qf3 Qe7 10. 0-0 h5 11. Bg6 Rf8 12. Bd3 0-0-0 13. a4 Ng4 14. Bb5 Ndxe5 15. fxe5 Bb8 16. Qe2 f6 17. h3 Nh6 18. exf6 Qc7 19. Nf3 gxf6 20. Ba6 e5 21. Bxb7+ Kxb7 22. e4 Nf7 23. a5 c4 24. axb6 axb6 25. exd5 Rxd5 26. b3 b5 27. bxc4 Qxc4 28. Qxc4 bxc4 29. dxe5 Nxe5 30. Nd4 Rf7 31. Bf4 Kc8 32. Ra4 Rb7 33. Be3 Nd7 34. Rxc4+ Rc7 35. Rxc7+ Bxc7 36. Rf5 Be5 37. g4 hxg4 38. hxg4 Rc5 39. Ne2 Rc4 40. Bd4 Kd8 41. g5 Bxd4+ 42. cxd4 fxg5 43. Rxg5 Ra4 44. Kf2 Ra3 45. Rg7 Kc7 46. Nf4 Kd6 47. Rg6+ Ke7 48. Nd5+ Kf7 49. Rd6 Ke8 50. Re6+ Kd8 51. Ne3 Rd3 52. d5 Nc5 53. Rd6+ Ke8 54. Ke2 Rd2+ 55. Kf3 Rf2+ 56. Kg4 Ke7 57. Rc6 Nd7 58. Re6+ Kd8 59. Kg5 Rf3 60. Nf5 Rf1 61. Nd6 Rd1 62. Nf7+ Kc7 63. Rc6+ Kb8 64. d6 Rg1+ 65. Kh6 Rh1+ 66. Kg7 1/2-1/2

[Event "Aragon-chT Preferente B"]
[Site "Aragon"]
[Date "2014.01.25"]
[Round "1.58"]
[White "Alonso Blasco, Jose Miguel"]
[Black "Cobo Garrido, Diego Israel"]
[Result "1/2-1/2"]
[WhiteElo "2105"]
[BlackElo "2045"]
[PlyCount "90"]
[EventDate "2014.01.25"]
[EventType "team-tourn"]
[EventRounds "9"]
[EventCountry "ESP"]
[SourceTitle "EXT 2015"]
[Source "ChessBase"]
[SourceDate "2014.11.20"]
[SourceVersion "1"]
[SourceVersionDate "2014.11.20"]
[SourceQuality "1"]
[WhiteTeam "Las Fuentes"]
[BlackTeam "Aragon ONCE II"]
[WhiteTeamCountry "ESP"]
[BlackTeamCountry "ESP"]

1. e4 e5 2. Nf3 Nc6 3. Bb5 a6 4. Bxc6 dxc6 5. 0-0 Bg4 6. h3 Bh5 7. d3 Bd6 8. Nbd2 Qe7 9. Nc4 0-0-0 10. b3 f6 11. a4 g5 12. Nxd6+ Qxd6 13. Re1 Bf7 14. Ba3 c5 15. Nh2 h5 16. Qd2 Nh6 17. Qa5 g4 18. Qxc5 Qxc5 19. Bxc5 gxh3 20. gxh3 Rd7 21. Kh1 Be6 22. h4 b6 23. Be3 Ng4 24. f3 Nxh2 25. Kxh2 Rg7 26. Rg1 Rhg8 27. Rxg7 Rxg7 28. a5 b5 29. Rg1 Rxg1 30. Kxg1 Kd7 31. Kf2 Bh3 32. Bc5 Be6 33. Ke3 Ke8 34. Ba3 Kd7 35. d4 Bh3 36. c4 bxc4 37. bxc4 Bf1 38. c5 Bc4 39. f4 exd4+ 40. Kxd4 Be2 41. f5 Bd1 42. Bc1 Bb3 43. Bh6 Ke7 44. Bf4 c6 45. e5 Bc2 1/2-1/2

[Event "Aragon-chT Honor Titulo"]
[Site "Aragon"]
[Date "2012.04.15"]
[Round "11.15"]
[White "Cobo Garrido, Diego Israel"]
[Black "Juberias Segura, Santiago"]
[Result "1-0"]
[WhiteElo "2049"]
[BlackElo "2045"]
[PlyCount "129"]
[EventDate "2012.02.04"]
[EventType "team-tourn"]
[EventRounds "11"]
[EventCountry "ESP"]
[SourceTitle "EXT 2014"]
[Source "ChessBase"]
[SourceDate "2013.11.20"]
[SourceVersion "1"]
[SourceVersionDate "2013.11.20"]
[SourceQuality "1"]
[WhiteTeam "Aragon ONCE"]
[BlackTeam "St Casablanca II"]
[WhiteTeamCountry "ESP"]
[BlackTeamCountry "ESP"]

1. e4 c5 2. Nf3 d6 3. d4 Nf6 4. Nc3 cxd4 5. Nxd4 a6 6. Be2 e5 7. Nb3 Be6 8. Bg5 Nbd7 9. Nd5 Bxd5 10. exd5 Be7 11. Be3 Rc8 12. c4 0-0 13. 0-0 Nb6 14. Nd2 Nfd7 15. Rc1 f5 16. f4 Bf6 17. b4 exf4 18. Bxf4 Be5 19. Be3 Qe7 20. Bf2 Kh8 21. Nf3 Bf4 22. Rc3 Qf7 23. Qd4 Be5 24. Nxe5 dxe5 25. Qd2 Rcd8 26. Bd1 Nc8 27. Bb3 Nd6 28. Bc2 Nf6 29. Qc1 Nfe4 30. Bxe4 Nxe4 31. Rf3 Nxf2 32. R1xf2 Qd7 33. Qc2 Qe7 34. a3 e4 35. Rxf5 Rxf5 36. Rxf5 e3 37. Qe2 Qe4 38. Rf3 Rc8 39. d6 Qd4 40. c5 h6 41. Rf1 a5 42. Rd1 Qe5 43. h3 axb4 44. axb4 Rf8 45. d7 Rd8 46. Rd3 Qa1+ 47. Kh2 Qe5+ 48. g3 Qg5 49. h4 Qe7 50. Rxe3 Qxd7 51. Re7 Qd5 52. Qg4 Rg8 53. Qd7 Qa2+ 54. Kh3 Qb1 55. Qxb7 Qf5+ 56. Kh2 Qf2+ 57. Qg2 Qf6 58. Qe2 Qc3 59. Re4 Kh7 60. Rc4 Qf6 61. c6 g5 62. Qe4+ Rg6 63. Rc2 gxh4 64. c7 Qd6 65. Qxh4 1-0

[Event "Aragon-chT Honor Titulo"]
[Site "Aragon"]
[Date "2012.03.31"]
[Round "9.16"]
[White "Cobo Garrido, Diego Israel"]
[Black "Castillo Sanjuan, Daniel"]
[Result "0-1"]
[WhiteElo "2049"]
[BlackElo "2019"]
[PlyCount "72"]
[EventDate "2012.02.04"]
[EventType "team-tourn"]
[EventRounds "11"]
[EventCountry "ESP"]
[SourceTitle "EXT 2014"]
[Source "ChessBase"]
[SourceDate "2013.11.20"]
[SourceVersion "1"]
[SourceVersionDate "2013.11.20"]
[SourceQuality "1"]
[WhiteTeam "Aragon ONCE"]
[BlackTeam "IberCaja"]
[WhiteTeamCountry "ESP"]
[BlackTeamCountry "ESP"]

1. e4 e5 2. Nf3 Nc6 3. Bb5 a6 4. Ba4 Nf6 5. 0-0 b5 6. Bb3 Be7 7. Re1 0-0 8. d4 d6 9. c3 Bg4 10. d5 Na5 11. Bc2 Nb7 12. Nbd2 Nc5 13. h3 Bh5 14. b4 Ncd7 15. c4 Rc8 16. cxb5 axb5 17. Bd3 c5 18. dxc6 Rxc6 19. Bxb5 Rb6 20. a4 d5 21. Qb3 dxe4 22. Nxe4 Nxe4 23. Rxe4 Qa8 24. Bd3 Nc5 25. Qc2 Nxd3 26. Qxd3 Bg6 27. Qe3 Rd6 28. Rxe5 Rd1+ 29. Kh2 Bd6 30. a5 Rd3 31. Qe2 f6 32. Bb2 fxe5 33. Nxe5 Qd5 34. f4 Rd2 35. Qc4 Rxg2+ 36. Kh1 Be4 0-1

[Event "Aragon-chT Honor GrA "]
[Site "Aragon"]
[Date "2012.03.10"]
[Round "6.8"]
[White "Cobo Garrido, Diego Israel"]
[Black "Larraz Giganto, Carlos"]
[Result "1-0"]
[WhiteElo "2049"]
[BlackElo "1819"]
[PlyCount "93"]
[EventDate "2012.02.04"]
[EventType "team-tourn"]
[EventRounds "7"]
[EventCountry "ESP"]
[SourceTitle "EXT 2014"]
[Source "ChessBase"]
[SourceDate "2013.11.20"]
[SourceVersion "1"]
[SourceVersionDate "2013.11.20"]
[SourceQuality "1"]
[WhiteTeam "Aragon ONCE"]
[BlackTeam "IberCaja II"]
[WhiteTeamCountry "ESP"]
[BlackTeamCountry "ESP"]

1. e4 c5 2. Nf3 Nc6 3. d4 cxd4 4. Nxd4 g6 5. Nxc6 bxc6 6. Qd4 Nf6 7. e5 Nh5 8. Be2 Ng7 9. 0-0 Nf5 10. Qe4 Rb8 11. Nd2 Qc7 12. Nc4 Bb7 13. Nd6+ Nxd6 14. exd6 Qa5 15. dxe7 Bxe7 16. Bf4 Rc8 17. Bd6 Qd8 18. Rfe1 Kf8 19. Qxe7+ Qxe7 20. Bxe7+ Kxe7 21. Ba6+ Kd8 22. Bxb7 Rb8 23. Ba6 Rxb2 24. Rab1 Rxb1 25. Rxb1 Ke7 26. Rb7 Ra8 27. Kf1 Kd6 28. Ke2 Re8+ 29. Kd2 Re5 30. Bc4 Rg5 31. g3 Rf5 32. Ke2 Rc5 33. Bb3 a5 34. Rb8 Re5+ 35. Kf1 Ke7 36. Rh8 h5 37. f4 Re4 38. Ra8 h4 39. Rxa5 hxg3 40. hxg3 f6 41. Ra4 Re3 42. Kf2 Rc3 43. Rc4 Rxc4 44. Bxc4 d5 45. Bd3 g5 46. fxg5 fxg5 47. Kf3 1-0

[Event "Aragon-chT Honor II"]
[Site "Spain"]
[Date "2011.03.19"]
[Round "7.23"]
[White "Cobo Garrido, Diego Israel"]
[Black "Montes Santos, Lorenzo"]
[Result "1-0"]
[WhiteElo "2062"]
[BlackElo "2044"]
[PlyCount "93"]
[EventDate "2011.02.05"]
[EventType "team-tourn"]
[EventRounds "7"]
[EventCountry "ESP"]
[SourceTitle "EXT 2013"]
[Source "ChessBase"]
[SourceDate "2012.11.22"]
[SourceVersion "1"]
[SourceVersionDate "2012.11.22"]
[SourceQuality "1"]
[WhiteTeam "Aragon ONCE"]
[BlackTeam "Shatranj"]
[WhiteTeamCountry "ESP"]
[BlackTeamCountry "ESP"]

1. e4 c5 2. c3 g6 3. Nf3 Bg7 4. Bc4 Nc6 5. 0-0 d6 6. Qe2 e5 7. d3 Nf6 8. Rd1 Qe7 9. Nbd2 0-0 10. Nf1 h6 11. Ng3 Na5 12. Bb5 a6 13. Ba4 b5 14. Bc2 Bb7 15. h3 d5 16. Be3 Rfe8 17. Rab1 Rad8 18. b4 cxb4 19. Bb6 Nc6 20. Bxd8 Rxd8 21. cxb4 Nxb4 22. Bb3 a5 23. a4 bxa4 24. Bxa4 Ba6 25. Ne1 h5 26. Qe3 h4 27. Nf1 Nh5 28. Qb6 Nf4 29. Rxb4 axb4 30. Qxa6 Ne2+ 31. Kh1 Nc3 32. Rc1 dxe4 33. dxe4 Bh6 34. Ra1 Nxe4 35. Qe2 Nc3 36. Qb2 Qc5 37. Bb3 Qb5 38. Nf3 g5 39. Ne3 e4 40. Qc2 exf3 41. Qg6+ Bg7 42. Qxf7+ Kh7 43. Qh5+ Bh6 44. Bc2+ Kg8 45. Qxh6 fxg2+ 46. Nxg2 Qd5 47. Bh7+ 1-0

[Event "Aragon-chT Preferente"]
[Site "Spain"]
[Date "2010.03.20"]
[Round "9.23"]
[White "Valiente Roy, Jose Javier"]
[Black "Cobo Garrido, Diego Israel"]
[Result "1-0"]
[WhiteElo "2060"]
[BlackElo "2014"]
[PlyCount "127"]
[EventDate "2010.01.23"]
[EventType "team-swiss"]
[EventRounds "12"]
[EventCountry "ESP"]
[SourceTitle "EXT 2013"]
[Source "ChessBase"]
[SourceDate "2012.11.22"]
[SourceVersion "1"]
[SourceVersionDate "2012.11.22"]
[SourceQuality "1"]
[WhiteTeam "Ramiro"]
[BlackTeam "El Olivar III"]
[WhiteTeamCountry "ESP"]
[BlackTeamCountry "ESP"]

1. Nf3 d5 2. g3 Nf6 3. c4 c6 4. Bg2 dxc4 5. Qc2 Be6 6. Ng5 Qc8 7. Nxe6 Qxe6 8. Na3 g6 9. Nxc4 Bg7 10. Na5 Qc8 11. d3 Nbd7 12. Bd2 0-0 13. Rc1 Nb6 14. 0-0 Rb8 15. Bf4 Ra8 16. b4 Nfd5 17. Bd2 Rb8 18. Qb3 a6 19. Rc2 Qe6 20. e3 Nc7 21. Qb1 Nb5 22. Qc1 Rfd8 23. d4 Rd7 24. Rd1 Qf5 25. Be1 Rbd8 26. Rc5 Qf6 27. Qc2 Nd6 28. Rc1 Nf5 29. a3 Qd6 30. Bc3 Qc7 31. Bb2 e6 32. Qb3 h5 33. a4 Bf8 34. R5c2 h4 35. b5 axb5 36. axb5 hxg3 37. hxg3 c5 38. Nxb7 c4 39. Nxd8 Qxd8 40. Rxc4 Nxc4 41. Qxc4 Qg5 42. Qe2 Rd8 43. b6 Bd6 44. b7 Kh7 45. Rc8 Bb8 46. Rxd8 Qxd8 47. Qb5 Qc7 48. Qc6 Nd6 49. Qxc7 Bxc7 50. Ba3 Kg8 51. Bc5 Bb8 52. Kf1 Kf8 53. Bc6 Ke7 54. e4 Kd8 55. Bb6+ Ke7 56. Ke2 f6 57. Kd3 g5 58. f4 gxf4 59. gxf4 Nf7 60. e5 fxe5 61. fxe5 Nd8 62. Bc5+ Kf7 63. Bf3 Ke8 64. Bd6 1-0

[Event "Aragon-chT Preferente"]
[Site "Spain"]
[Date "2010.02.20"]
[Round "5.62"]
[White "Cobo Garrido, Diego Israel"]
[Black "Azaiez, Fahmi"]
[Result "1-0"]
[WhiteElo "2014"]
[BlackElo "2014"]
[PlyCount "74"]
[EventDate "2010.01.23"]
[EventType "team-swiss"]
[EventRounds "12"]
[EventCountry "ESP"]
[SourceTitle "EXT 2013"]
[Source "ChessBase"]
[SourceDate "2012.11.22"]
[SourceVersion "1"]
[SourceVersionDate "2012.11.22"]
[SourceQuality "1"]
[WhiteTeam "El Olivar III"]
[BlackTeam "Delicias II"]
[WhiteTeamCountry "ESP"]
[BlackTeamCountry "ESP"]

1. d4 Nf6 2. Nf3 e6 3. Bg5 d5 4. e3 Be7 5. Bd3 h6 6. Bf4 Nbd7 7. Nbd2 a6 8. Ne5 c5 9. c3 Qb6 10. Rb1 Nb8 11. 0-0 0-0 12. Kh1 Bd7 13. Qf3 Bb5 14. Qh3 Bxd3 15. Nxd3 Nbd7 16. Rg1 cxd4 17. exd4 Ne4 18. Nxe4 dxe4 19. Ne5 Nxe5 20. Bxe5 Qc6 21. Rbe1 Bg5 22. Qg3 f6 23. Bf4 Bxf4 24. Qxf4 f5 25. Rgf1 Rae8 26. f3 Qd5 27. g3 e5 28. dxe5 Qxe5 29. Qxe5 Rxe5 30. fxe4 fxe4 31. Rxf8+ Kxf8 32. Kg1 Ke7 33. Kf2 Ke6 34. Ke3 b5 35. Rd1 Rd5 36. Rd4 Rxd4 37. Kxd4 Kf5 1-0